| 000 | 01038cab a2200289 4500 | ||
|---|---|---|---|
| 001 | WB3314-79 | ||
| 008 | 090401t1997 xxu||||| |||| 00| 0 eng d | ||
| 035 | _a(Sirsi) u77498 | ||
| 041 | _aeng | ||
| 245 | _aFarming and Rural Conservation Agency launched | ||
| 260 | _c1997 | ||
| 350 | _a0 | ||
| 490 |
_aMAFF News Release _v(99/97) 28 March 1997, (2) |
||
| 520 | _aThe Farming and Rural Conservation Agency, an Executive Agency jointly owned by MAFF and the Welsh Office, came into operation on 1 April 1997. It takes over responsiblility for administering statutory duties formerly undertaken by ADAS. | ||
| 650 | _aADAS | ||
| 650 | _aCOUNTRYSIDE ACCESS SCHEME | ||
| 650 | _aCOUNTRYSIDE STEWARDSHIP SCHEME | ||
| 650 | _aENVIRONMENTALLY SENSITIVE AREA SCHEME | ||
| 650 | _aEXECUTIVE AGENCIES | ||
| 650 | _aFARMING AND RURAL CONSERVATION AGENCY | ||
| 650 | _aHABITAT SCHEME | ||
| 650 | _aMOORLAND SCHEME | ||
| 650 | _aNITRATE SENSITIVE AREAS SCHEME | ||
| 690 | _aRURAL PRACTICE | ||
| 942 | _n0 | ||
| 948 | _c02/04/1997 | ||
| 999 |
_c48725 _d48725 |
||